00512nam a2200193Ia 4500008004100000020001400041050001400055100002100069245004000090245006700130245002100197260001500218260001600233260000900249300001500258300002700273300001000300500000800310170918s9999 xx 000 0 und d a439217229 bM121 1999 aMacCabe, Richard 4aThe amazing book of insect record : bthe haviest, the loudest, the most poisonous, and many more! / cRichard MacCabe. aNew York : bScholastic, c1999 a32 pages : bcolored illustration ; c23cm. a950